Dialéctica de lo concreto. Prólogo de Adolfo Sánchez Vázquez /
El documento presenta un análisis del movimiento antidogmático y renovador que se abre paso en el campo marxista, abordando una serie de cuestiones fundamentales como la dialéctica de la totalidad concreta, economía y praxis, filosofía y economía y praxis y totalidad.
保存先:
| 第一著者: | |
|---|---|
| フォーマット: | テキスト |
| 言語: | Spanish |
| 出版事項: |
México D.F.:
Grijalbo,
1965
|
| 主題: | |
| タグ: |
タグ追加
タグなし, このレコードへの初めてのタグを付けませんか!
|
MARC
| LEADER | 00000 a a2200000 04500 | ||
|---|---|---|---|
| 001 | 24675 | ||
| 003 | cru CIDCACS/IIS | ||
| 005 | 20240710100123.0 | ||
| 008 | 230605e1965 mx ||||| |||| 00| 0 spa d | ||
| 020 | |a 968-419-099-9 | ||
| 040 | |c cru CIDCACS/IIS |a cru CIDCACS/IIS |b spa | ||
| 090 | |a 03.03.01 K86d | ||
| 100 | |a Kosik, Karel | ||
| 245 | |a Dialéctica de lo concreto. Prólogo de Adolfo Sánchez Vázquez / |c Karel Kosik |h [impreso] | ||
| 260 | |a México D.F.: |b Grijalbo, |c 1965 | ||
| 300 | |a 269 páginas | ||
| 500 | |a La copia 1 es la primera edición en español y pertenece a la colección de Rosa Ma. Pochet. LA copia 2 es de la versión de Adolfo Sánchez Vázquez. | ||
| 520 | |a El documento presenta un análisis del movimiento antidogmático y renovador que se abre paso en el campo marxista, abordando una serie de cuestiones fundamentales como la dialéctica de la totalidad concreta, economía y praxis, filosofía y economía y praxis y totalidad. | ||
| 650 | 0 | |9 236 |a MARXISMO | |
| 650 | 0 | |9 84 |a FILOSOFIA | |
| 650 | 0 | |9 84 |a FILOSOFIA | |
| 650 | 0 | |9 143 |a ECONOMIA | |
| 942 | |2 z |c LI |h 03.03.01 K86d |i 06318 |k 03.03.01 |m K86d |6 030301_K86D_06318 | ||
| 999 | |c 12064 |d 12064 | ||



